| 000 | 00472nam a2200157 a 4500 | ||
|---|---|---|---|
| 001 | 6017 | ||
| 003 | CDMR | ||
| 005 | 20130220142515.0 | ||
| 008 | 130220s1923||||||||||||||||||||||||||||d | ||
| 040 |
_aCDMR _bcat _cCPC LLEIDA |
||
| 110 | 2 |
_aAssociació de la Premsa de Barcelona _939 |
|
| 245 | 1 | 0 |
_aVida de Periodistas ilustres _cAsociación de la Prensa de Barcelona |
| 260 |
_aBarcelona _bAssociació de Periodistes de Barcelona _c1923 |
||
| 500 | _aSegona còpia | ||
| 942 | _cMON | ||
| 999 |
_c6017 _d6017 |
||